<?xml version="1.0" encoding="UTF-8"?>
<collection xmlns="http://www.loc.gov/MARC21/slim">
 <record>
  <leader>00503pamaa2200181   4500</leader>
  <controlfield tag="001">0000021499</controlfield>
  <controlfield tag="005">20060628090000.0</controlfield>
  <datafield tag="020" ind1="0" ind2="0">
   <subfield code="a">0534952852 (hard) </subfield>
  </datafield>
  <datafield tag="082" ind1=" " ind2=" ">
   <subfield code="a">621 SHE 1997</subfield>
  </datafield>
  <datafield tag="090" ind1="0" ind2="0">
   <subfield code="a">TJ163.12 </subfield>
   <subfield code="b">SHE 1997</subfield>
  </datafield>
  <datafield tag="100" ind1="1" ind2="0">
   <subfield code="a">SHETTY </subfield>
  </datafield>
  <datafield tag="245" ind1="1" ind2="0">
   <subfield code="a">Mechatronics system design  </subfield>
   <subfield code="c">Devdas Shetty and Richard A. Kolk.</subfield>
  </datafield>
  <datafield tag="260" ind1="0" ind2="0">
   <subfield code="a">Boston: </subfield>
   <subfield code="b">PWS Pub., </subfield>
   <subfield code="c">1997.</subfield>
  </datafield>
  <datafield tag="300" ind1=" " ind2=" ">
   <subfield code="a">ix, 422p.: </subfield>
   <subfield code="b">ill.; </subfield>
   <subfield code="c">25cm.</subfield>
  </datafield>
  <datafield tag="500" ind1="0" ind2="0">
   <subfield code="a">Includes 1 diskette</subfield>
  </datafield>
  <datafield tag="650" ind1="0" ind2="0">
   <subfield code="a">System design </subfield>
  </datafield>
  <datafield tag="650" ind1="0" ind2="0">
   <subfield code="a">Mechatronics </subfield>
  </datafield>
  <datafield tag="700" ind1="1" ind2="1">
   <subfield code="a">Kolk, </subfield>
   <subfield code="h">Richard A. </subfield>
  </datafield>
 </record>
</collection>
